header

Building a successful Palestinian state (Record no. 192451)

MARC details
000 -LEADER
fixed length control field 01896nam a22003614a 4500
082 04 - DEWEY DECIMAL CLASSIFICATION NUMBER
Classification number 956.05/3
100 1# - MAIN ENTRY--AUTHOR NAME
Personal name Hunter, Robert Edwards,
245 10 - TITLE STATEMENT
Title Building a successful Palestinian state
260 ## - PUBLICATION, DISTRIBUTION, ETC. (IMPRINT)
Place of publication Santa Monica, CA :
Name of publisher RAND Corporation,
Year of publication 2006.
300 ## - PHYSICAL DESCRIPTION
Number of Pages xii, 72 p. :
Other physical details col. map.
500 ## - GENERAL NOTE
General note "MG-146/2."
505 0# - FORMATTED CONTENTS NOTE
Formatted contents note Border arrangements -- International force -- Palestinian military forces -- Israeli settlements -- Intelligence, monitoring, enforcement, and dispute -- Resolution provisions -- Special security issues regarding Jerusalem -- External security environment -- Conclusion -- Appendix -- A. security issues and the Arab-Israeli peace process, 1967/2003 -- B. "Clinton parameters" (presented by President Bill Clinton to the Israeli and -- Palestinian negotiators on December 23, 2000).
650 #0 - SUBJECT ADDED ENTRY--TOPICAL TERM
Topical Term Arab-Israeli conflict
Topical Term Palestinian Arabs
Topical Term National security
700 1# - ADDED ENTRY--PERSONAL NAME
Personal name Jones, Seth G.,
856 40 - ELECTRONIC LOCATION AND ACCESS
Uniform Resource Identifier http://site.ebrary.com/lib/rucke/Doc?id=10152613

No items available.

© 2026 Rongo University
Contact us: librarian | system librarian | Rongo university